Normal view
MARC view
- Stern, Jacques
Entry Personal Name
001 - CONTROL NUMBER
- control field: 100973
003 - CONTROL NUMBER IDENTIFIER
- control field: NUST
005 - DATE AND TIME OF LATEST TRANSACTION
- control field: 20221020120622.0
008 - FIXED-LENGTH DATA ELEMENTS
- fixed length control field: 221020|| aca||aabn | a|a d
040 ## - CATALOGING SOURCE
- Original cataloging agency: NUST
- Transcribing agency: NUST
100 ## - HEADING--PERSONAL NAME
- Personal name: Stern, Jacques
670 ## - SOURCE DATA FOUND
- Source citation: Work cat.: (NUST)188755: Stern, Jacques,, Advances in cryptology- EUOCRYPT' 99 :, 1999
